000 00427nam a2200133Ia 4500
008 231221s9999 xx 000 0 und d
020 _a978-0-387-39229-5
041 _aEnglish
100 _aReima Suomi, Regis Cabral, J. Felix Hampe, Arto Heikkilä, Jonna Järveläinen, Eija Koskivaara
245 0 _aProject E-Society: Building Bricks
260 _c2006
_bSpringer US
_aNew York
650 _aComputer Science
942 _cEB
999 _c218174
_d218174